000 00668nam a2200229Ia 4500
003 OSt
005 20220926014713.0
006 a|||||r|||| 00| 0
007 ta
008 220923b |||||||| |||| 00| 0 eng d
037 _cGeneral Book
040 _aRTL
_cRTL
_beng
041 _2eng
_aeng
082 _aX:9.73.N7, L3
100 _aAronowitz Stanley
_9285205
245 0 _aFalse promoses
_b The shaping of American working c
260 _aNew York
_bMcGraw-Hill USA
_c1973
300 _axii, 465p. Bib p 443-51
_ccm.
650 _aLabor Economics
942 _hX:9.73.N7, L3
_cGB
_2CC
999 _c629668
_d629668